| 000 | 01265nam a2200313Ia 4500 | ||
|---|---|---|---|
| 001 | ebr10179758 | ||
| 003 | CaPaEBR | ||
| 006 | m u | ||
| 007 | cr cn||||||||| | ||
| 008 | 010918s2002 ilu sb 001 0 eng d | ||
| 010 | _z 2001053569 | ||
| 020 | _z0838999573 | ||
| 020 | _z0838908195 (alk. paper) | ||
| 040 |
_aCaPaEBR _cCaPaEBR |
||
| 035 | _a(OCoLC)648266549 | ||
| 050 | 1 | 4 |
_aZ687.2.U6 _bA43 2002eb |
| 082 | 0 | 4 |
_a025.2/1 _221 |
| 100 | 1 | _aAlabaster, Carol. | |
| 245 | 1 | 0 |
_aDeveloping an outstanding core collection _h[electronic resource] : _ba guide for libraries / _cCarol Alabaster. |
| 260 |
_aChicago : _bAmerican Library Association, _c2002. |
||
| 300 | _ax, 192 p. | ||
| 504 | _aIncludes bibliographical references and index. | ||
| 533 |
_aElectronic reproduction. _bPalo Alto, Calif. : _cebrary, _d2009. _nAvailable via World Wide Web. _nAccess may be limited to ebrary affiliated libraries. |
||
| 650 | 0 |
_aPublic libraries _xCollection development _zUnited States. |
|
| 650 | 0 |
_aCollection development (Libraries) _zUnited States. |
|
| 655 | 7 |
_aElectronic books. _2local |
|
| 710 | 2 | _aebrary, Inc. | |
| 856 | 4 | 0 |
_uhttp://site.ebrary.com/lib/rucke/Doc?id=10179758 _zAn electronic book accessible through the World Wide Web; click to view |
| 999 |
_c240099 _d240099 |
||